[Event "Chigorin Memorial"]
[Site "St Petersburg RUS"]
[Date "2012.11.04"]
[Round "9.138"]
[White "Bajaramov, Elvin"]
[Black "Radkov, Bazhen D."]
[Result "0-1"]
[WhiteElo "2025"]
[BlackElo "1860"]
[WhiteFideId "24142514"]
[BlackFideId "24170593"]
[EventDate "2012.10.27"]

1. e4 e5 2. Nf3 Nf6 3. Nc3 Bb4 4. Bc4 O-O 5. d3 d6 6. O-O Bxc3 7. bxc3 Be6 8.
Bb3 Nbd7 9. Re1 Re8 10. Bg5 h6 11. Bh4 c6 12. d4 Qc7 13. Qd3 a5 14. a4 Bxb3 15.
cxb3 d5 16. Bxf6 Nxf6 17. Nxe5 Nxe4 18. c4 Nf6 19. Qf5 Rad8 20. c5 b6 21. Rac1
bxc5 22. Rxc5 Re6 23. Rec1 Rdd6 24. Qc2 Nd7 25. Nxc6 Nxc5 26. Ne5 Na6 27. Qxc7
Nxc7 28. Rxc7 f6 29. Nd3 Re4 30. Kf1 Rxd4 31. Ke2 Re4+ 32. Kd2 Rb6 33. Kc3 Ree6
34. Nc5 Re1 35. Ra7 Rc1+ 36. Kd4 Rd1+ 37. Kc3 d4+ 38. Kc4 Rb4+ 39. Kd5 d3 40.
Rd7 d2 41. Kc6 Rb8 42. Kc7 Re8 43. b4 axb4 44. Kb6 Re2 45. Nb3 Rf1 46. Rxd2 Rxd2
47. Nxd2 Rxf2 48. Nb3 Rxg2 49. a5 Rxh2 50. a6 Re2 51. Na5 Re8 52. Kb7 h5 53. Nc6
b3 54. a7 b2 0-1

[Event "Chigorin Memorial"]
[Site "St Petersburg RUS"]
[Date "2012.11.04"]
[Round "9.139"]
[White "Volskaya, Vera"]
[Black "Panov, Ivan"]
[Result "0-1"]
[WhiteElo "1929"]
[BlackElo "2021"]
[WhiteFideId "24170054"]
[BlackFideId "24177750"]
[EventDate "2012.10.27"]

1. d4 d5 2. Nf3 c6 3. e3 Bf5 4. c4 e6 5. a3 Nf6 6. Nc3 Bd6 7. Be2 O-O 8. Nd2
Nbd7 9. c5 Bc7 10. f4 b6 11. b4 a5 12. Bb2 axb4 13. axb4 Rxa1 14. Qxa1 bxc5 15.
bxc5 Ne4 16. Ncxe4 dxe4 17. O-O Nf6 18. Qa6 Nd5 19. Nc4 Qd7 20. Ra1 Rb8 21. Ra3
h6 22. Bd1 Nxe3 23. Rxe3 Rxb2 24. Nxb2 Qxd4 25. Qe2 Bxf4 26. Nc4 h5 27. h3 Bxe3+
28. Nxe3 Qxc5 29. Kf1 Bg6 30. Bb3 Qc3 31. Bc4 Kh8 32. Kf2 f5 33. Nd1 Qd4+ 34.
Ke1 Qe5 35. Qd2 f4 36. Qd8+ Kh7 37. h4 f3 38. Qg5 Qd4 39. Ne3 Qc3+ 40. Kf2 fxg2
41. Kxg2 Qd2+ 42. Kf1 Qc1+ 43. Kf2 Qd2+ 44. Be2 Qb2 45. Qc5 Qf6+ 46. Kg3 e5 47.
Ng2 Qe6 48. Bc4 Qg4+ 49. Kh2 e3 50. Qxc6 Be4 51. Bg8+ Kxg8 0-1

[Event "Chigorin Memorial"]
[Site "St Petersburg RUS"]
[Date "2012.11.04"]
[Round "9.140"]
[White "Chernov, Maksim"]
[Black "Kopasov, Evgeny"]
[Result "0-1"]
[WhiteElo "1895"]
[BlackElo "2014"]
[WhiteFideId "24194280"]
[BlackFideId "4181239"]
[EventDate "2012.10.27"]

1. e4 c5 2. Nf3 a6 3. d4 cxd4 4. Nxd4 Nf6 5. Nc3 e5 6. Nb3 Bb4 7. Bd3 d5 8. exd5
Nxd5 9. Bd2 Nxc3 10. Bxc3 Bxc3+ 11. bxc3 O-O 12. O-O Qc7 13. c4 Be6 14. Qe2 Nd7
15. Rfe1 Rac8 16. Nd2 f5 17. f3 Rf6 18. h3 Kh8 19. Qe3 Rg8 20. Bf1 Bf7 21. Rad1
Rd8 22. Kh1 Rd6 23. Bd3 g6 24. Bf1 Re8 25. Qc3 Kg8 26. Re3 Rc6 27. Rde1 b5 28.
Qb4 bxc4 29. Rc3 Nb6 30. Qa5 Rc5 31. Qa3 Rd8 32. Nb3 Rc6 33. Na5 Rc5 34. Nb3 Rc6
35. Na5 Rcd6 36. Qb4 Rd1 37. Rxd1 Rxd1 38. Kg1 Nd5 39. Rxc4 Qa7+ 0-1

[Event "Chigorin Memorial"]
[Site "St Petersburg RUS"]
[Date "2012.11.04"]
[Round "9.141"]
[White "Kuvyrshin, Maksim"]
[Black "Opanasenko, Mikhail"]
[Result "1/2-1/2"]
[WhiteElo "1865"]
[BlackElo "2011"]
[WhiteFideId "24177563"]
[BlackFideId "24176834"]
[EventDate "2012.10.27"]

1. e4 e6 2. d4 d5 3. Nc3 Bb4 4. e5 c5 5. a3 Bxc3+ 6. bxc3 Ne7 7. Qg4 cxd4 8.
Qxg7 Rg8 9. Qxh7 Qc7 10. Qd3 Qxe5+ 11. Ne2 dxc3 12. Bf4 Qf5 13. Qxf5 Nxf5 14.
Nxc3 Nd4 15. O-O-O Nbc6 16. Nb5 Nxb5 17. Bxb5 Bd7 18. h4 f6 19. h5 Kf7 20. h6
Nd4 21. Bf1 Nf5 22. h7 Rh8 23. g4 Ne7 24. g5 Ng6 25. Bd2 Rac8 26. Bd3 Ne5 27.
Kb2 Nxd3+ 28. cxd3 Ba4 29. Rc1 Rxc1 30. Kxc1 e5 31. Rh6 fxg5 32. Bxg5 Kg7 33.
Bf6+ Kxh6 34. Bxh8 e4 35. dxe4 dxe4 36. Bd4 Kxh7 37. Bxa7 Kg6 38. Kd2 Kf5 39.
Ke3 Bc6 40. Bc5 Ke5 1/2-1/2

[Event "Chigorin Memorial"]
[Site "St Petersburg RUS"]
[Date "2012.11.04"]
[Round "9.142"]
[White "Berdashkevich, Svetlana"]
[Black "Westerberg, Claes-Goran"]
[Result "0-1"]
[WhiteElo "1825"]
[BlackElo "2007"]
[WhiteFideId "24197483"]
[BlackFideId "1712691"]
[EventDate "2012.10.27"]

1. e4 c5 2. Nf3 e6 3. c3 Nf6 4. e5 Nd5 5. d4 cxd4 6. cxd4 d6 7. Nc3 Nxc3 8. bxc3
Nc6 9. Bd3 Be7 10. exd6 Bxd6 11. Qb3 O-O 12. Ba3 Bxa3 13. Qxa3 e5 14. O-O Bg4
15. Be4 exd4 16. Bxc6 bxc6 17. Nxd4 Qg5 18. Qd6 c5 19. Nc2 Bh3 20. Ne3 Rfd8 21.
Qg3 Qxg3 22. hxg3 Be6 23. a3 Rd3 24. Rac1 g6 25. Rfd1 Rxd1+ 26. Nxd1 Rb8 27. Kf1
Rb3 28. Ra1 Bf5 29. Ke1 Be4 30. f3 Bf5 31. Kd2 h5 32. Ra2 Kf8 33. Nb2 Bb1 34.
Ra1 Rxb2+ 35. Kc1 Rc2+ 36. Kd1 Rxg2 37. Rxb1 Rg1+ 38. Kc2 Rxg3 39. Kb3 Rxf3 40.
Kc4 h4 41. Rb2 Rf5 42. Kb5 g5 43. a4 g4 44. Rh2 h3 45. Ka6 Rh5 46. Kxa7 g3 47.
Rxh3 Rxh3 48. Kb6 g2 0-1

[Event "Chigorin Memorial"]
[Site "St Petersburg RUS"]
[Date "2012.11.04"]
[Round "9.145"]
[White "Suleymanyants, Odisey"]
[Black "Chistiakov, Mihail"]
[Result "0-1"]
[WhiteTitle "FM"]
[WhiteElo "2227"]
[BlackElo "1884"]
[WhiteFideId "24149357"]
[BlackFideId "24161217"]
[EventDate "2012.10.27"]

1. e4 c5 2. Nf3 d6 3. d4 cxd4 4. Nxd4 Nf6 5. Nc3 g6 6. Be3 Bg7 7. Bb5+ Bd7 8. a4
O-O 9. h3 Nc6 10. O-O Rc8 11. Nxc6 bxc6 12. Ba6 Rb8 13. e5 Ne8 14. exd6 Nxd6 15.
Bd4 Bxd4 16. Qxd4 Qb6 17. Qe5 Qxa6 18. Qxe7 Be6 19. Qxd6 Qc4 20. Rfe1 Bf5 21. g4
Bxc2 22. Rac1 Qd3 23. Qc5 Qxh3 24. Rxc2 Qxg4+ 25. Kf1 Qh3+ 26. Ke2 Rfe8+ 27. Kd1
Rbd8+ 28. Rd2 Rxd2+ 29. Kxd2 Qd7+ 30. Nd5 Rxe1 31. Kxe1 cxd5 32. a5 h5 33. b4 h4
34. b5 h3 35. Kf1 Qg4 36. Qxd5 h2 37. Qh1 Qc4+ 38. Kg2 Qxb5 39. Qxh2 Qxa5 40.
Qb8+ Kh7 41. Qb7 Kg7 42. Qb2+ Kf8 43. Qb8+ Ke7 44. Qb7+ Kf8 45. Qb8+ Kg7 46.
Qb2+ f6 47. Qb7+ Kh6 48. Qe7 a6 49. Qf8+ Kg5 50. f4+ Kf5 51. Qc8+ Kxf4 52. Qc1+
Ke5 53. Qb2+ Ke6 54. Qe2+ Kd6 55. Qf2 Qd5+ 56. Kh2 Ke6 57. Qa7 a5 58. Kh3 Qf5+
59. Kh4 Qg5+ 60. Kh3 Qh5+ 61. Kg2 Qe2+ 62. Kh3 Qf3+ 63. Kh2 Qf4+ 64. Kh1 Qe4+
65. Kg1 Qe1+ 66. Kg2 Qd2+ 67. Kh1 g5 68. Qb6+ Qd6 69. Qe3+ Kf5 70. Qf2+ Kg6 71.
Qc2+ f5 72. Qc8 f4 73. Qe8+ Kf5 74. Qb5+ Qe5 75. Qd7+ Ke4 76. Qh7+ Ke3 77. Kg2 0-1

[Event "Chigorin Memorial"]
[Site "St Petersburg RUS"]
[Date "2012.11.04"]
[Round "9.147"]
[White "Popelyshev, Igor V."]
[Black "Bezulenko, Evgeny"]
[Result "1-0"]
[WhiteElo "2071"]
[BlackElo "1850"]
[WhiteFideId "24116610"]
[BlackFideId "24105996"]
[EventDate "2012.10.27"]

1. e4 e6 2. Qe2 c5 3. g3 Nc6 4. c3 d5 5. d3 Nf6 6. Bg2 dxe4 7. dxe4 Ne5 8. Na3
Nd3+ 9. Kf1 Nxc1 10. Rxc1 Be7 11. e5 Nd7 12. h4 O-O 13. Nh3 f6 14. Nc4 fxe5 15.
Rd1 Qc7 16. Ng5 Nf6 17. Qxe5 Qxe5 18. Nxe5 Nh5 19. Bf3 Rf5 20. Re1 Nf6 21. g4
Rf4 22. Nd3 Rc4 23. Nxe6 Bd6 24. g5 Ne4 25. Bxe4 Bxe6 26. Bxb7 Re8 27. Rxe6 Rxe6
28. Bd5 Re4 29. Rh3 Kf8 30. Bxe6 Rxe6 31. Re3 Ke7 32. Ke2 h6 33. c4 Kf7 34. f4
h5 35. Kf3 g6 36. Rxe6 Kxe6 37. Ke4 Kf7 38. Kd5 Bf8 39. Ne5+ Kg7 40. Ke6 Kh7 41.
Kf7 Bg7 42. Nxg6 Bd4 43. f5 a5 44. f6 a4 45. Nf8+ Kh8 46. g6 1-0

[Event "Chigorin Memorial"]
[Site "St Petersburg RUS"]
[Date "2012.11.04"]
[Round "9.148"]
[White "Grachev, Andrey"]
[Black "Khatenever, Feliks"]
[Result "1-0"]
[WhiteElo "2040"]
[BlackElo "1843"]
[WhiteFideId "24138290"]
[BlackFideId "4131800"]
[EventDate "2012.10.27"]

1. e4 c5 2. Nf3 e6 3. c4 d6 4. Nc3 Nf6 5. Be2 Be7 6. d4 cxd4 7. Nxd4 O-O 8. O-O
a6 9. Be3 Nc6 10. f3 Bd7 11. Qd2 Rc8 12. Rfd1 Qa5 13. Nxc6 Rxc6 14. b4 Qd8 15.
b5 Rc8 16. bxa6 bxa6 17. Rab1 e5 18. Bb6 Qe8 19. c5 dxc5 20. Bxa6 Ra8 21. Bb7
Ra3 22. Nd5 Nxd5 23. Qxd5 Be6 24. Qxe5 c4 25. f4 Bf6 26. Qd6 Be7 27. Qc7 Rd3 28.
f5 Bd6 29. Qc6 Qxc6 30. Bxc6 Bc8 31. Bb5 Bb7 32. Bxc4 Rxd1+ 33. Rxd1 Be5 34. Bc5
Rc8 35. Rd7 Bc6 36. Rxf7 Kh8 37. Ba6 Re8 38. Bb7 Bxb7 39. Rxb7 Rc8 40. Re7 Bf6
41. Re6 Bc3 42. Kf2 Kg8 43. Be3 Ra8 44. Kf3 Rxa2 45. h4 Kf7 46. Rc6 Ra3 47. Kf4
Bf6 48. Rc7+ Ke8 49. g4 Ra5 50. Rc6 Bxh4 51. Bd4 g5+ 52. fxg6 Bg5+ 53. Kf3 Ra3+
54. Ke2 Ra2+ 55. Kd3 hxg6 56. Rxg6 Ra3+ 57. Kc4 Be7 58. Rg8+ Kf7 59. Rg7+ Kf8
60. Rg6 Ra4+ 61. Kd5 Ra5+ 62. Ke6 Ra6+ 63. Kf5 Ra4 64. Be3 Ra5+ 65. e5 Kf7 66.
Rh6 Rb5 67. Rh7+ Ke8 68. Ke6 Bf8 69. Ra7 Rb8 70. g5 Rc8 71. Ra6 Bg7 72. g6 Kf8
73. Bc5+ Kg8 74. Bd6 Bh6 75. Ra7 Rc2 76. Ra8+ Kg7 77. Bf8+ Kxg6 78. Bxh6 Kxh6
79. Rg8 Kh7 80. Rg1 Rf2 81. Ke7 Rd2 82. e6 Rd3 83. Ke8 1-0

[Event "Chigorin Memorial"]
[Site "St Petersburg RUS"]
[Date "2012.11.04"]
[Round "9.150"]
[White "Kuzmin, Arseniy"]
[Black "Kosov, Igor"]
[Result "1-0"]
[WhiteElo "1982"]
[BlackElo "1817"]
[WhiteFideId "24150827"]
[BlackFideId "24100528"]
[EventDate "2012.10.27"]

1. e4 c5 2. Nf3 d6 3. d4 cxd4 4. Nxd4 Nf6 5. Nc3 e6 6. Be3 Be7 7. Be2 O-O 8. O-O
a6 9. f4 Nc6 10. Nb3 b5 11. a3 Bb7 12. Bf3 Qc7 13. Qe2 Rad8 14. Rad1 Nd7 15. f5
Nce5 16. fxe6 Nxf3+ 17. Qxf3 fxe6 18. Qg4 e5 19. Qe6+ Kh8 20. Qxe7 1-0

[Event "Chigorin Memorial"]
[Site "St Petersburg RUS"]
[Date "2012.11.04"]
[Round "9.151"]
[White "Shuvalov, Arvind"]
[Black "Yakovlev, Yuri S."]
[Result "1-0"]
[WhiteElo "1789"]
[BlackElo "1982"]
[WhiteFideId "24199079"]
[BlackFideId "4173929"]
[EventDate "2012.10.27"]

1. e4 c5 2. Nf3 e6 3. d4 cxd4 4. Nxd4 a6 5. Bd3 b5 6. a4 b4 7. O-O Bb7 8. Re1
Qc7 9. Be3 Nf6 10. Nd2 Bd6 11. h3 Bf4 12. Qf3 Bxe3 13. Qxe3 d6 14. Qg3 Nbd7 15.
Nc4 Ne5 16. Qxg7 Ke7 17. b3 Rhg8 18. Qh6 Rg6 19. Qe3 Rag8 20. g3 Nxc4 21. bxc4
d5 22. e5 Ne4 23. cxd5 exd5 24. Bxe4 dxe4 25. Qf4 Bc8 26. Rad1 Bxh3 27. Qh4+ 1-0

[Event "Chigorin Memorial"]
[Site "St Petersburg RUS"]
[Date "2012.11.04"]
[Round "9.152"]
[White "Ayvazyan, Nikita"]
[Black "Fokin, Anatoly"]
[Result "1-0"]
[WhiteElo "1973"]
[BlackElo "1793"]
[WhiteFideId "4177266"]
[BlackFideId "24124451"]
[EventDate "2012.10.27"]

1. e4 d5 2. exd5 Nf6 3. Bb5+ Bd7 4. Be2 Nxd5 5. d4 g6 6. c4 Nf6 7. Nc3 Bg7 8.
Nf3 O-O 9. O-O c6 10. h3 Na6 11. Be3 Nc7 12. Qd2 Re8 13. Rfd1 Be6 14. Rac1 Qc8
15. Qe1 Rd8 16. Bf4 Nh5 17. Bh2 Bh6 18. Rc2 Nf4 19. Bf1 Bf5 20. Rcc1 Nxh3+ 21.
gxh3 Bxh3 22. Bxh3 Qxh3 23. Bxc7 Qxf3 24. Bxd8 Rxd8 25. Ra1 Qg4+ 26. Kf1 Qh3+
27. Ke2 Rd6 28. Ne4 Re6 29. Qh1 Qg4+ 30. Kd3 Qf4 31. Rac1 f5 32. Nd2 Bg7 33. Nb3
a5 34. a4 Qxf2 35. Rd2 Qe3+ 36. Kc2 Bh6 37. Rh2 Bg7 38. Rxh7 b6 39. Rh3 Qf2+ 40.
Nd2 Qxd4 41. Rc3 Re2 42. Rd1 Qc5 43. Qf1 Rf2 44. Qd3 Qb4 45. Rb3 Qxa4 46. Kb1
Bf6 47. Qe3 Rg2 48. Qf3 Rg4 49. Rxb6 Rd4 50. Qe2 c5 51. Rh1 Qd7 52. Rb8+ Kg7 53.
Rbh8 Kf7 54. R1h7+ Bg7 55. Qe5 1-0

[Event "Chigorin Memorial"]
[Site "St Petersburg RUS"]
[Date "2012.11.04"]
[Round "9.153"]
[White "Chuprova, Irina"]
[Black "Bubnov, Kirill"]
[Result "0-1"]
[WhiteElo "1945"]
[BlackElo "1713"]
[WhiteFideId "24138584"]
[BlackFideId "24175277"]
[EventDate "2012.10.27"]

1. e4 e6 2. d4 d5 3. Nc3 Bb4 4. e5 c5 5. a3 Bxc3+ 6. bxc3 Qa5 7. Bd2 Qa4 8. Bd3
Nc6 9. Qg4 g6 10. Nf3 c4 11. Be2 Qxc2 12. O-O h5 13. Qh3 g5 14. Rfc1 Qe4 15.
Bxg5 Qxe2 16. Be3 Qd3 17. g3 Qf5 18. Qg2 Nh6 19. h4 Qe4 20. Rab1 Na5 21. Rb2 Nb3
22. Re1 Qd3 23. Ng5 Qxc3 24. Rbe2 Nxd4 25. Bxd4 Qxd4 26. Qf3 Nf5 27. Nh3 Qg4 28.
Qg2 Nd4 29. Re3 Nc2 30. R1e2 Nxe3 31. Rxe3 d4 32. Re4 Qd1+ 33. Kh2 c3 34. Ng5 c2
35. Rf4 c1=Q 36. Ne4 Qxf4 0-1

[Event "Chigorin Memorial"]
[Site "St Petersburg RUS"]
[Date "2012.11.04"]
[Round "9.154"]
[White "Tarakanova, Valeria"]
[Black "Fedoseeva, Valentina"]
[Result "1/2-1/2"]
[WhiteElo "1778"]
[BlackElo "1930"]
[WhiteFideId "24179205"]
[BlackFideId "4169875"]
[EventDate "2012.10.27"]

1. e4 e5 2. Nc3 Nc6 3. Bc4 Nf6 4. d3 Be7 5. f4 d6 6. Nf3 Ng4 7. O-O exf4 8. Bxf4
Nge5 9. Nxe5 dxe5 10. Be3 O-O 11. a3 Nd4 12. Rf2 Bg5 13. Qd2 Bxe3 14. Qxe3 Be6
15. Bxe6 Nxe6 16. Raf1 c6 17. Ne2 Qd7 18. Ng3 g6 19. Ne2 Kg7 20. Kh1 f6 21. Qh3
Qd6 22. Qe3 b6 23. Ng1 Nd4 24. Qg3 Rad8 25. Nf3 Nxf3 26. Rxf3 Qe6 27. Kg1 Qa2
28. Qh4 Rd6 29. Rh3 h5 30. g4 Rh8 31. Rg3 Kf7 32. g5 Qxb2 33. gxf6 Rdd8 34. Qg5
Rdg8 35. Rg2 Qd4+ 36. Kh1 Qd6 37. Rgg1 Qe6 38. Qh4 Qd7 39. Rg5 Re8 40. Rg3 Qe6
41. Qg5 1/2-1/2

[Event "Chigorin Memorial"]
[Site "St Petersburg RUS"]
[Date "2012.11.04"]
[Round "9.155"]
[White "Stoliarenko, Ivan"]
[Black "Zhelobanov, Roman"]
[Result "1/2-1/2"]
[WhiteElo "1673"]
[BlackElo "1912"]
[WhiteFideId "24199591"]
[BlackFideId "24154334"]
[EventDate "2012.10.27"]

1. e4 c6 2. d4 d5 3. exd5 cxd5 4. Bd3 Nf6 5. c3 Nc6 6. Bf4 a6 7. Nd2 Bg4 8. Qb3
Qd7 9. Ngf3 Bxf3 10. Nxf3 e6 11. h3 b5 12. g4 Bd6 13. Bxd6 Qxd6 14. Nd2 Ke7 15.
O-O-O b4 16. Rhf1 bxc3 17. Qxc3 Rhc8 18. Kb1 Nb4 19. Qb3 Rab8 20. Qa3 Nxd3 21.
Qxd3 Qb4 22. Nb3 a5 23. Qd2 Ne4 24. Qxb4+ Rxb4 25. f3 a4 26. fxe4 axb3 27. a3
Rbc4 28. exd5 exd5 29. Rf3 Rb8 30. Rdd3 h6 31. Rxb3 Rxb3 32. Rxb3 Rxd4 33. Rc3
Ra4 34. b4 Kd6 35. Kb2 d4 36. Rd3 Kd5 37. Rf3 Ra7 38. b5 Kc4 39. b6 Rb7 40. Rb3
Kc5 41. Kc2 Rxb6 42. Rxb6 Kxb6 43. Kd3 Kc5 44. a4 Kb4 45. Kxd4 Kxa4 46. Ke5 Kb4
47. Kd6 Kc4 48. Ke7 f5 49. gxf5 Kd5 50. Kf7 Ke5 51. Kxg7 Kxf5 52. Kxh6 Kf6 53.
h4 Kf7 54. h5 Kg8 55. Kg6 Kh8 56. h6 Kg8 57. h7+ Kh8 58. Kh6 1/2-1/2

[Event "Chigorin Memorial"]
[Site "St Petersburg RUS"]
[Date "2012.11.04"]
[Round "9.156"]
[White "Zakharov, Yuri"]
[Black "Petrushev., Nikita"]
[Result "1-0"]
[WhiteElo "1902"]
[BlackElo "1738"]
[WhiteFideId "4166620"]
[BlackFideId "34117803"]
[EventDate "2012.10.27"]

1. Nf3 d6 2. d4 Nd7 3. d5 Ngf6 4. g3 c6 5. Nc3 cxd5 6. Nxd5 Nxd5 7. Qxd5 Nf6 8.
Qb3 Qc7 9. c3 Be6 10. Qc2 g6 11. Bg2 Bg7 12. O-O O-O 13. e4 Rac8 14. Re1 Nd7 15.
Ng5 Bc4 16. f4 h6 17. Nf3 Nc5 18. Rd1 Ba6 19. Be3 b5 20. Bd4 e5 21. fxe5 dxe5
22. Bf2 Bb7 23. Re1 Rfd8 24. Re3 h5 25. Re2 a6 26. Ne1 Rd6 27. Rd1 Rxd1 28. Qxd1
Rd8 29. Qc2 Qd6 30. Be3 Qc6 31. Bg5 f6 32. Bc1 Bf8 33. h4 Qe6 34. a3 Qc4 35. Kh2
Nb3 36. Be3 a5 37. Rf2 Qe6 38. Rxf6 Qxf6 39. Bg5 Qf7 40. Bxd8 a4 41. Bb6 Qf6 42.
Be3 Qd6 43. Nf3 Na1 44. Qe2 Ba6 45. Ng5 Be7 46. Qf2 Qf6 47. Qd2 Qd6 48. Qd5+
Qxd5 49. exd5 Nc2 50. Bd2 Bxa3 51. bxa3 Nxa3 52. d6 Kf8 53. d7 Ke7 54. Bc6 1-0

[Event "Chigorin Memorial"]
[Site "St Petersburg RUS"]
[Date "2012.11.04"]
[Round "9.161"]
[White "Popov, Alexei"]
[Black "Bezobrazov, Lev"]
[Result "1-0"]
[WhiteElo "1823"]
[BlackElo "1673"]
[WhiteFideId "24195898"]
[BlackFideId "4152409"]
[EventDate "2012.10.27"]

1. e4 e5 2. Nf3 Nc6 3. Bc4 Nf6 4. d4 Nxd4 5. Bxf7+ Kxf7 6. Nxe5+ Ke8 7. Qxd4 Qe7
8. f3 Qb4+ 9. Qxb4 Bxb4+ 10. c3 Be7 11. Bg5 d6 12. Nd3 Bd7 13. Nd2 c6 14. h4 g6
15. g4 h6 16. Bxf6 Bxf6 17. Kf2 Be6 18. g5 Bg7 19. f4 Ke7 20. Rae1 hxg5 21. f5
gxf5 22. exf5 Raf8 23. Rxe6+ Kd7 24. Rg6 Rxf5+ 25. Kg2 Be5 26. Rxg5 Rxg5+ 27.
hxg5 Rxh1 28. Nxe5+ dxe5 29. Kxh1 Ke6 30. Ne4 1-0

[Event "Chigorin Memorial"]
[Site "St Petersburg RUS"]
[Date "2012.11.04"]
[Round "9.162"]
[White "Toporkova, Sofia"]
[Black "Stroganov, Anatoly"]
[Result "0-1"]
[WhiteElo "1732"]
[BlackElo "1808"]
[WhiteFideId "4169930"]
[BlackFideId "4178955"]
[EventDate "2012.10.27"]

1. d4 Nf6 2. c4 e6 3. f3 Bb4+ 4. Bd2 Bxd2+ 5. Nxd2 d5 6. e3 O-O 7. Bd3 Nc6 8.
Ne2 e5 9. O-O exd4 10. exd4 Qe7 11. Nb3 Qe3+ 12. Kh1 Nb4 13. Nbc1 Nxd3 14. Qxd3
Qxd3 15. Nxd3 dxc4 16. Ne5 Be6 17. Nf4 b5 18. Nxe6 fxe6 19. Rfe1 Rfe8 20. Nc6 a5
21. a4 b4 22. Rec1 Nd5 23. Rxc4 Ra6 24. Rac1 0-1

[Event "Chigorin Memorial"]
[Site "St Petersburg RUS"]
[Date "2012.11.04"]
[Round "9.164"]
[White "Uyanik, Mehmet"]
[Black "Pitkanen, Juhani"]
[Result "1-0"]
[WhiteElo "1687"]
[BlackElo "1763"]
[WhiteFideId "6363164"]
[BlackFideId "504432"]
[EventDate "2012.10.27"]

1. Nf3 c5 2. e4 e6 3. d4 cxd4 4. Nxd4 a6 5. c4 Nf6 6. Nc3 Bb4 7. Bd3 Qa5 8. Bd2
Qe5 9. Nde2 Qc7 10. O-O Bc5 11. h3 O-O 12. Kh1 Nc6 13. f4 d6 14. Ng3 Nd4 15. e5
dxe5 16. fxe5 Nd7 17. Qh5 g6 18. Qh4 Qxe5 19. Bf4 Qh8 20. Nge4 Nf5 21. Qe1 Qd4
22. Rd1 Qg7 23. Nxc5 Nxc5 24. Bxf5 exf5 25. Bd6 Ne6 26. Bxf8 Qxf8 27. Nd5 f6 28.
Qc3 Kg7 29. Nb6 Nc5 30. Nxa8 Ne4 31. Qe3 Be6 32. Nb6 Qb8 33. Rf3 Qc7 34. b3 Nc5
35. Nd5 Qc6 36. Qf4 Ne4 37. Ne3 Qc7 38. Nd5 Ng3+ 39. Rxg3 1-0

[Event "Chigorin Memorial"]
[Site "St Petersburg RUS"]
[Date "2012.11.04"]
[Round "9.168"]
[White "Pankova, Julia"]
[Black "Melnikov, Nikolay"]
[Result "1/2-1/2"]
[WhiteElo "1528"]
[BlackElo "1752"]
[WhiteFideId "34103276"]
[BlackFideId "4191170"]
[EventDate "2012.10.27"]

1. e4 d5 2. exd5 Qxd5 3. Nc3 Qa5 4. d4 c6 5. Nf3 Bg4 6. Be2 e6 7. Ne5 Bxe2 8.
Qxe2 Nf6 9. O-O Qd8 10. Be3 Nbd7 11. Rad1 Be7 12. Bf4 O-O 13. Nc4 Nd5 14. Nxd5
exd5 15. Ne3 Re8 16. Qf3 Bg5 17. Bxg5 Qxg5 18. Qg4 Qxg4 19. Nxg4 Re7 20. Rfe1
Rae8 21. Kf1 f6 22. f3 Kf7 23. Rxe7+ Rxe7 24. Re1 Nb6 25. b3 Rxe1+ 26. Kxe1 Ke6
27. Ke2 h5 28. Nf2 g6 29. Nd3 Nd7 30. Ke3 a5 31. Nb2 b5 32. c4 g5 33. cxb5 cxb5
34. a3 f5 35. Nd3 f4+ 36. Ke2 Kf5 37. Kf2 Nb6 38. Nb2 a4 39. bxa4 bxa4 40. Ke2
Ke6 41. Kd3 Kf5 42. Kc3 g4 43. Kb4 gxf3 44. gxf3 Kg5 45. Nxa4 Nc4 46. Nc3 Nd2
47. Nxd5 Nxf3 48. Nxf4 Nxd4 49. Nxh5 Nc2+ 50. Kb3 Nxa3 1/2-1/2

[Event "Chigorin Memorial"]
[Site "St Petersburg RUS"]
[Date "2012.11.04"]
[Round "9.171"]
[White "Gantsevich, Dmitry"]
[Black "Biyachuev, Minkail"]
[Result "1-0"]
[WhiteElo "1546"]
[BlackElo "1574"]
[WhiteFideId "24162582"]
[BlackFideId "34120065"]
[EventDate "2012.10.27"]

1. e4 e5 2. Nf3 Nf6 3. Nxe5 d6 4. Nf3 Nxe4 5. Nc3 Qe7 6. Nd5 Qd7 7. Qe2 f5 8. d3
c6 9. Nc3 d5 10. dxe4 fxe4 11. Nd4 Bd6 12. Bd2 O-O 13. O-O-O c5 14. Nb3 Qf7 15.
f3 exf3 16. Qxf3 Qxf3 17. gxf3 c4 18. Nd4 Nc6 19. Ndb5 Bf4 20. Bxf4 Rxf4 21.
Nxd5 Rxf3 22. Bxc4 Kh8 23. Ndc7 Rb8 24. Nd6 Ne5 25. Nf7+ Nxf7 26. Bxf7 Bf5 27.
Rdf1 Rxf1+ 28. Rxf1 Bg6 29. Be8 Kg8 30. Bxg6 hxg6 31. Nd5 Re8 32. Nc3 Kh7 33.
Rf2 Re7 34. Re2 Rf7 35. Ne4 Kh6 36. Re3 g5 37. Rg3 Rf4 38. Nxg5 Rf1+ 39. Kd2
Rf2+ 40. Kc3 Rxh2 41. Rh3+ Rxh3+ 42. Nxh3 g5 43. Kc4 g4 44. Ng1 Kg5 45. Ne2 Kf6
46. Kd4 Kf5 47. Kd5 b5 48. Kc5 b4 49. Kxb4 Ke4 50. Kc3 Ke3 51. Ng3 Kf4 52. Nf1
Ke4 53. Kc4 Ke5 54. Kb5 Kf6 55. c4 Kg5 56. c5 Kh4 57. c6 Kh3 58. c7 1-0